000 00443nam a2200145Ia 4500
008 100122s9999 xx 000 0 und d
082 _b5219
_a822.08
100 _aकाणेकर अनंत
245 _aधूर व इतर एकांकिका
260 _c1924
300 _a60
630 _aधूर व इतर एकांकिका
730 _aधूर व इतर एकांकिका
942 _cBOOK
999 _c398558
_d398555